000 00710nam a22001937a 4500
999 _c18036
_d18036
003 OSt
005 20231026173927.0
008 230327b ||||| |||| 00| 0 eng d
040 _c0
082 _aDPer 647.94068 In821 2020 v21 no. 1-4
100 _aHa, Jooyeon.
_eauthor.
_948278
245 _aWhy do people try different restaurants? the investigation of personality, involvement, and customer satisfaction/
_cJooyeon Ha
260 _aUnited Kingdom :
_bTaylor & Francis Group,
_cOctober-November 2020.
300 _aVolume 21, pages 458-472.
650 _aHospitality industry.
_948279
650 _aHospitality industry- research.
_947544
700 _aHa, Jooyeon.
_eauthor.
_948278
942 _2ddc
_cPER